| Tag |
First Indicator |
Second Indicator |
Subfields |
| LEADER |
00000cam a2200000 a 4500 |
| 001 |
in00000069258 |
| 005 |
20151008053321.0 |
| 008 |
790209s1978 nyua j d 00010 engm |
| 010 |
|
|
|a 78109058
|
| 020 |
|
|
|a 0817857621
|
| 035 |
|
|
|a (OCoLC)04834068
|
| 035 |
|
|
|9 AAH7026AM
|
| 040 |
|
|
|a DLC
|c DLC
|d m.c.
|d TXA
|d UtOrBLW
|
| 049 |
|
|
|a [Curr Col] TXAM
|c [933501]
|
| 050 |
0 |
0 |
|a GV1029
|b O42 1978
|
| 082 |
0 |
|
|a 796.7/2/03
|
| 100 |
1 |
|
|a Olney, Ross R.,
|d 1929-
|
| 245 |
1 |
0 |
|a Illustrated auto racing dictionary for young people /
|c by Ross R. Olney ; illustrated by David Ross.
|
| 264 |
|
1 |
|a New York, N.Y. :
|b Harvey House,
|c [1978]
|
| 264 |
|
4 |
|c ©1978
|
| 300 |
|
|
|a 124 pages :
|b illustrations ;
|c 24 cm.
|
| 336 |
|
|
|a text
|b txt
|2 rdacontent
|
| 337 |
|
|
|a unmediated
|b n
|2 rdamedia
|
| 338 |
|
|
|a volume
|b nc
|2 rdacarrier
|
| 520 |
|
|
|a Defines racing terminology from accessory prize to zoomie and sketches the careers of 13 outstanding racing car drivers.
|
| 650 |
|
0 |
|a Automobile racing
|x Dictionaries, Juvenile.
|
| 650 |
|
1 |
|a Automobile racing
|x Dictionaries.
|
| 700 |
1 |
|
|a Ross, Dave,
|d 1949-
|
| 999 |
|
|
|a MARS
|
| 999 |
f |
f |
|s 203b39a5-458c-3b27-af95-598c26a6e325
|i cb7afc62-9ba2-3002-ab9a-ba9add242bf0
|t 0
|
| 952 |
f |
f |
|p ric
|a Texas A&M University
|b Rellis Campus
|c Joint Library Facility
|d Remote Storage
|t 0
|e GV1029 O42 1978
|h Library of Congress classification
|i unmediated -- volume
|m A14805916017
|
| 998 |
f |
f |
|a GV1029 O42 1978
|t 0
|l Remote Storage
|